000 00672nam a2200217Ia 4500
003 GCL
008 140319s9999 xx 000 0 ara d
040 _aGCL /
_cGCL
082 0 4 _a414
_bر ص
100 1 _aرفيق خليل عطوى
245 1 0 _aصناعة الكتابة: علم البيان, علم المعانى, علم البديع /
_cرفيق خليل عطوى
260 _a[S.N] :
_bدار العلم للملايين ،
_c1989
300 _a168 ص
490 _a
650 0 4 _aاللغة العربية
650 0 4 _aالبلاغة العربية
650 0 4 _aالبديع
650 0 4 _aالمعانى
650 0 4 _aالبيان
942 _2ddc
_cBK
999 _c36126
_d36126